Personnages de Jojo's Bizarre Adventure - Statistiques

Statistiques générales
  • Ce quiz a été pris 560 fois
  • Le résultat moyen est 29 sur 42
Statistiques - réponses
Hint Réponse % Correct
Personnage Principale de Phantom BloodPremier Jojo Archéologue Jonathan Joestar
98%
Antagoniste de Phantom Blood et Stardust CrusadersOccupant du corps du personnage principale de Phantom Blood Vampire Stand: The World Dio Brando
96%
Personnage Principale de Battle TendencyDeuxième Jojo Allié dans Stardust Crusaders et Diamond is Unbreakable Stand: Hermit Purple Joseph Joestar
94%
Allié du personnage principale des parties 1-2Fondateur de la Fondation Speedwagon Robert Edward O. Speedwagon
90%
Personnage Principale de Stardust CrusadersTroisième Jojo Allié dans Diamond is Unbreakable et Stone Ocean Père de la 6ème Jojo Neveu du 4ème Jojo Stand: Star Platinum Kujo Jotaro
89%
Personnage Principale de Diamond is Unbreakable Quatrième Jojo Oncle du 3ème Jojo Fils du 2ème Jojo Stand: Crazy Diamond Higashikata Josuke
85%
Personnage Principale de Golden WindCinquième Jojo Fils biologique du premier Jojo Fils du premier antagoniste principale Stand: Gold Experience, Gold Expereince Requiem Giorno Giovanna
83%
Allié dans Stardust Crusaders et Golden WindStand: Silver Chariot, Silver Chariot Requiem Anubis Jean-Pierre Polnareff
83%
Mère du personnage principale de Battle TendencyMaitre d'Onde Elisabeth Joestar
79%
Antagoniste ensuite alliée dans Stone OceanStand Hybride Plankton-Humain Foo Fighters
79%
Antagoniste de Battle TendencyCréateur du masque de pierres Kars
79%
Antagoniste principale dans Diamond is UnbreakableStand: Killer Queen Kira Yoshikage
79%
Allié dans Stardust CrusadersStand: Magician's Red Muhammed Avdol
79%
Allié dans Stardust CrusadersStand: Hierophant Green Kakyoin Noriaki
78%
Epouse du personnage principal de Phantom Blood Erina Joestar
77%
Personnage Principale de Stone OceanSixième Jojo Prisonnière à Green Dolphin Street Fille du 4ème Jojo Stand: Stone Free Cujoh Jolyne
75%
Allié majeur dans Golden WindCaporal de Passione Stand: Sticky Fingers Bruno Bucciarati
71%
Allié dans Diamond is UnbreakableStand: Echoes Hirose Koichi
70%
Antagoniste Principale de Golden WindBoss de Passione Alter Ego du prochain Stand: King Crimson Diavolo
69%
Antagoniste ensuite allié dans Diamond is UnbreakableStand: Heaven's Door, Cheap Trick Kishibe Rohan
69%
Antagoniste Principale de Stone OceanPrêtre à la Prison Green Dolphin Street Stand: Whitesnake Enrico Pucci
67%
Allié dans Golden WindMembre de Passione et subordonné du caporal de passione Stand: Sex Pistols Guido Mista
67%
Allié et ami du personnage principale de Battle TendencyManieur d'Onde Caesar Anthonio Zeppeli
66%
Allié du personnage principale de Battle TendencyOfficier Nazi Cyborg Rudol von Stroheim
66%
Allié dans Golden Wind Membre de Passione et subordonné du caporal de passione Stand: Aerosmith Narancia Ghirga
65%
Antagoniste ensuite allié dans Diamond is UnbreakableStand: The Hand Nijimura Okuyasu
65%
Epouse du personnage principale de Battle Tendency Suzi Quatro Joestar
64%
Antagoniste dans Stardust CrusadersDernier vampire crée par l'antagoniste principale de partie 1 Stand: Cream Vanilla Ice
63%
Père du personnage principale de Phantom Blood George Joestar
61%
Allié dans Golden Wind Membre de Passione et subordonné du caporal de passione Stand: Purple Haze, Purple Haze Distortion Pannacotta Fugo
60%
Fille du Boss de PassioneAllié dans Golden Wind Stand: Spicy Girl Trish Una
57%
Mère du Personnage Principale de Stardust CrusadersFille du 2ème Jojo Kujo Holy
55%
Alliée dans Stone OceanPrisonnière à Green Dolphin Street
Stand: Kiss
Ermes Costello
54%
Alter Ego du précédentSous-boss de Passione
Stand: King Crimson
Vinegar Doppio
54%
Allié dans Golden WindMembre de Passione et subordonné du précédent Ancien Policier Stand: Moody Blues Leone Abbacchio
53%
Allié dans Stone OceanNé dans la Prison Green Dolphin Street Stand: Burning Down the House Emporio Alnino
52%
Allié et maitre du précédentMaitre de l'Onde Will Anthonio Zeppeli
52%
Homme du PilierAbandonné par son groupe Santana
51%
Allié dans Stone OceanPrisonnier à Green Dolphin Street Stand: Weather Report Wes Bluemarine
51%
Allié dans Stone OceanPrisonnier à Green Dolphin Street Stand: Diver Down Narciso Anasui
49%
Homme du PilierSous les ordres du précédent Wamuu
46%
Homme du PilierMaitre des deux prochains Sous les ordres du précédent Esidisi
44%
Aucun quiz correspondant
Distribution des résultats
% des personnes avec chaque résultat
Percentile par nombre de réponses
Votre historique - résultats
Vous n’avez pas pris ce quiz